000 00275nam a22001097a 4500
008 170110b xxu||||| |||| 00| 0 eng d
020 _a9780803614543
041 _aeng
080 _210TH
_a618.2
245 _aDRUG GUIDE FOR NUSES
_cDEGLIN, J.H & VALLERAND, A.H
942 _2udc
_cBK
999 _c2637
_d2637